Camouflaged Countries - Statistics

General Stats
  • This quiz has been taken 792 times
    573 since last reset
  • The average score is 6 of 10
Answer Stats
Hint Country % Correct
I need to give my Harry Potter wand a clean Rwanda
88%
What makes Backgammon a cool game to play? Monaco
72%
The sound waves of the viola oscillate to and fro Laos
70%
Why is this loser biased against me in this way? Serbia
70%
The papal author is highly regarded in Rome Palau
69%
For lunch I left you chicken salad in the fridge Chile
67%
On points, he beat Muhammad Ali by a whisker Libya
61%
I saw the graceful animal dive swiftly into the sea Maldives
53%
Screw the local beer; it's the margarita I want! Taiwan
48%
I married the co-star I came to love while on set Costa Rica
42%
No matching quizzes found
Score Distribution
Percent of People with Each Score
Percentile by Number Answered
Your Score History
You have not taken this quiz since the last reset